000 01705nam0a2200349 i 4500
001 RU\NLR\BIBL_A\010435462
005 20241105071634.0
010 _a9785990543317
_9100
021 _aRU
_b14-40270
035 _a(NILC)RuMoRGB-007498761
035 _a(NLR Aleph) 010435462
090 _a9868874
_c9868874
100 _a20140730d2014 k y0rusy50 ca
101 0 _arus
102 _aRU
105 _aa|||z|||001yy
200 1 _aМодернизационные процессы в российской экономике: теория, методология, опыт реализации
_eмонография
_f[д.э.н., проф. Коновалова М.Е., к.э.н., доц. Кузьмина О.Ю., Евсеев О.С. и др.
_gнауч. ред.: д.э.н., доц. М.Е. Коновалова]
210 _aСамара
_c[б. и.]
_d2014
215 _a262 с.
_cил.
_d21
300 _aАвт. указаны на обороте тит. л.
320 _aБиблиогр.: с. 253-262 и в подстроч. примеч.
607 _aРоссийская Федерация
_xНародное хозяйство
_xМодернизация
_92167606
_3RU\NLR\AUTH\661304111
686 1 _aУ03(2Р)74
686 1 _aУ9(2)-551(2Р)
701 1 _aКоновалова
_bМ. Е.
_cд-р экон. наук
_f1975-
_gМария Евгеньевна
_9143532
_3RU\NLR\AUTH\770143568
701 1 _aКузьмина
_bО. Ю.
_cканд. экон. наук
_gОльга Юрьевна
_9143537
_3RU\NLR\AUTH\770143573
701 1 _aЕвсеев
_bО. С.
801 0 _aRU
_bРГБ
_c20140528
_gRCR
942 _cBOOK
980 _aNBR